000 00645nam a2200157 4500
008 040412s1984 -ch chi
090 _aQ121
_bC44
100 1 _a梁潤生 Liang, Rien-Sheng
245 1 0 _a偉大的生物學家 The great biologists {ch}6/
_c梁潤生 Rien-Sheng Liang.
260 _aTaipei :
_b圖文出版社 Tu-Wen Publishing,
_c1984.
300 _a30 p.
_billus., hard-cover
490 1 _a中個孩子的科學圖書館Chinese Children Science Library Series
_v46
650 4 _aBiologists {ch}.
650 4 _aScience
_xEncyclopedias
_xJuvenile {ch}.
951 _pC-5081
_x00028138
_oQ121/C44-46
_j070613111359781
_d2000-12-21
_cREF-CH
999 _c20227
_d20227